Statystyki dla Skład mistrzów europy z 2004 roku.

Kliknij tutaj aby rozwiązać quiz!

Ogólne statystyki

  • Ten quiz został rozwiązany 11 razy
  • Średni wynik to 4 z 11

Statystyki odpowiedzi

#Zawodnikpozycja% Poprawnych
9Angelos CharisteasPS
100%
21Kostas KatsouranisŚPD
45%
1Antonios NikopolidisBR
36%
2Giourkas SeitaridisPO
36%
8Stelios GiannakopoulosLS
36%
7Theodoros ZagorakisŚP
36%
5Traianos DellasŚO
36%
6Angelos BasinasŚP
18%
15Zisis VryzasN
18%
14Takis FyssasLO
9%
19Michalis KapsisŚO
0%

Rozkład punktacji

Percentyl według liczby udzielonych odpowiedzi

Procent ludzi z każdym wynikiem

Twoja historia wyników

Nie rozwiązałeś tego quizu